Journal of the Chemical Society. Perkin transactions I, Journal of organic and bio-organic chemistry

Saved in:
Bibliographic Details
New Title:Pekin 1
Previous Title:Journal of the Chemical Society. C. Organic chemistry
Format: Journal
Language:English
Published: London : Royal Society of Chemistry, 1972-1999.
Tags: Add Tag
No Tags, Be the first to tag this record!

MARC

LEADER 00000nas a2200000 a 4500
001 000304591
003 SVKK
005 20221214082229.0
008 021125d19721999xxksr|p||| |0 a0eng
022 |a 0300-922X 
040 |a BAA001  |b slo  |e AACR2 
041 0 |a eng 
044 |a xxk  |c GB 
210 1 |a J. Chem. Soc., Perkin trans. 1.  |b (Print) 
222 0 |a Journal of the Chemical Society. Perkin transactions I  |b (Print) 
245 0 0 |a Journal of the Chemical Society.  |n Perkin transactions I,  |p Journal of organic and bio-organic chemistry 
246 3 0 |a Journal of organic and bio-organic chemistry 
260 |a London :  |b Royal Society of Chemistry,  |c 1972-1999. 
310 |a 26x ročne 
362 0 |a 1972-1999  |z ISSN/2008 
780 0 0 |t Journal of the Chemical Society. C. Organic chemistry  |x 0022-4952 
785 0 0 |t Pekin 1  |x 1470-4358 
910 |a KE001  |b B.2301c 
998 |a SE 
090 |g CASOS  |k Sklad  |a B.2301c  |j 104645  |i 304591-30  |s Zviazaný časopis 
090 |g CASOS  |k Sklad  |a B.2301c  |j 105643  |i 304591-10  |s Zviazaný časopis 
090 |g CASOS  |k Sklad  |a B.2301c  |j 105644  |i 304591-20  |s Zviazaný časopis 
090 |g CASOS  |k Sklad  |a B.2301c  |j 105646  |i 304591-40  |s Zviazaný časopis 
090 |g CASOS  |k Sklad  |a B.2301c  |j 105647  |i 304591-50  |s Zviazaný časopis 
090 |g CASOS  |k Sklad  |a B.2301c  |j 105648  |i 304591-60  |s Zviazaný časopis 
090 |g CASOS  |k Sklad  |a B.2301c  |i 304591-100  |s Zviazaný časopis 
090 |g CASOS  |k Sklad  |a B.2301c  |i 304591-110  |s Zviazaný časopis 
090 |g CASOS  |k Sklad  |a B.2301c  |i 304591-120  |s Zviazaný časopis 
090 |g CASOS  |k Sklad  |a B.2301c  |i 304591-70  |s Zviazaný časopis 
090 |g CASOS  |k Sklad  |a B.2301c  |i 304591-80  |s Zviazaný časopis 
090 |g CASOS  |k Sklad  |a B.2301c  |i 304591-90  |s Zviazaný časopis 
090 |g CASOS  |k Sklad Pribinova 1. posch.  |a B.2301c  |j 00000  |i 2720928174  |4 Silne poškodené  |s Vyradená 
090 |g CASOS  |k Sklad Pribinova 1. posch.  |a B.2301c  |j 00000  |i 2720928175  |4 Silne poškodené  |s Vyradená